| 000 | 00546nam a2200169 a 4500 | ||
|---|---|---|---|
| 001 | 000023755 | ||
| 005 | 20200930022437.0 | ||
| 008 | 110113s2000 dr a 000 0 spa d | ||
| 040 |
_aDO-SdBNP _bspa _cBNPHU |
||
| 082 |
_axxx _bC957f |
||
| 100 | 1 |
_aCruz Soto, Alci _948913 |
|
| 245 | 1 | 0 |
_aForjando la esperanza : _bensayo sobre el desafío pastoral del joven / _cAlci Cruz Soto ; prólogo Luis Rosario. |
| 260 |
_aSanto Domingo : _bGo-Imagen, _c2000. |
||
| 300 |
_a93 p. : _bils. ; _c22 cm. |
||
| 700 | 1 |
_aRosario, Luis, _epról. _9427 |
|
| 049 | _aBNPD | ||
| 999 |
_c23251 _d23251 |
||